| 000 | 00689 a2200193 4500 | ||
|---|---|---|---|
| 999 |
_c328758 _d328758 |
||
| 003 | Nust | ||
| 005 | 20170416115639.0 | ||
| 008 | 170416b xxu||||| |||| 00| 0 eng d | ||
| 020 | _a9698891005 | ||
| 040 | _cNust | ||
| 082 |
_a297.122 _bJAF |
||
| 100 | _a Jafri ,Islam Nabi | ||
| 245 |
_aThe Quraan holds the keys _cIslam Nabi Jafri |
||
| 260 |
_aPakistan _bInstant print _c2006 |
||
| 300 | _axxiv,327:p.; | ||
| 505 | _aPart-I About The Quraan And Quraanic Verses (Page-9),Part-II Modern Scientific Research (Page-176),Part-III The End Of The Universe (Page-223),Part-IV How The Quraan Holds The Keys (Page-261). Part-V Conclusions and appendices (Page-275) | ||
| 538 | _aAlmirah No.48 Shelf No.2 | ||
| 650 | _aQuran | ||
| 942 |
_2ddc _cBK |
||